Color atlas of oral diseases / (Record no. 23570)
[ view plain ]
| 000 -LEADER | |
|---|---|
| fixed length control field | 00889cam a2200301 a 4500 |
| 001 - CONTROL NUMBER | |
| control field | 13245462 |
| 005 - DATE AND TIME OF LATEST TRANSACTION | |
| control field | 20201203144150.0 |
| 008 - FIXED-LENGTH DATA ELEMENTS--GENERAL INFORMATION | |
| fixed length control field | 030619t2003 gw a frb 001 0 eng d |
| 020 ## - INTERNATIONAL STANDARD BOOK NUMBER | |
| International Standard Book Number | 1588901386 (TNY) |
| 020 ## - INTERNATIONAL STANDARD BOOK NUMBER | |
| International Standard Book Number | 9783137170037 (GTV) |
| 020 ## - INTERNATIONAL STANDARD BOOK NUMBER | |
| International Standard Book Number | 9781588901385 (TNY) |
| 020 ## - INTERNATIONAL STANDARD BOOK NUMBER | |
| International Standard Book Number | 3137170036 (GTV) |
| 040 ## - CATALOGING SOURCE | |
| Original cataloging agency | DLC |
| Transcribing agency | DLC |
| Modifying agency | DLC |
| -- | EG-ScBUE |
| Language of cataloging | eng |
| 041 1# - LANGUAGE CODE | |
| Language code of text/sound track or separate title | eng |
| Language code of original and/or intermediate translations of text | gre |
| 082 04 - DEWEY DECIMAL CLASSIFICATION NUMBER | |
| Classification number | 617.6300222 |
| Item number | LAS |
| Edition number | 22 |
| 100 1# - MAIN ENTRY--PERSONAL NAME | |
| Personal name | Laskaris, George. |
| 245 10 - TITLE STATEMENT | |
| Title | Color atlas of oral diseases / |
| Statement of responsibility, etc | George Laskaris. |
| 250 ## - EDITION STATEMENT | |
| Edition statement | 3rd ed. |
| 260 ## - PUBLICATION, DISTRIBUTION, ETC. (IMPRINT) | |
| Place of publication, distribution, etc | Stuttgart ; |
| -- | New York : |
| Name of publisher, distributor, etc | Thieme, |
| Date of publication, distribution, etc | c.2003. |
| 300 ## - PHYSICAL DESCRIPTION | |
| Extent | x, 454 p. : |
| Other physical details | ill. ; |
| Dimensions | 29 cm. |
| 500 ## - GENERAL NOTE | |
| General note | Index : p. 446-454. |
| 504 ## - BIBLIOGRAPHY, ETC. NOTE | |
| Bibliography, etc | Bibliography : p. 415-445. |
| 650 #7 - SUBJECT ADDED ENTRY--TOPICAL TERM | |
| Topical term or geographic name as entry element | Mouth |
| General subdivision | Diseases |
| Form subdivision | Atlases. |
| Source of heading or term | BUEsh |
| 9 (RLIN) | 37686 |
| 650 #7 - SUBJECT ADDED ENTRY--TOPICAL TERM | |
| Topical term or geographic name as entry element | Mouth Diseases |
| Form subdivision | atlases. |
| Source of heading or term | BUEsh |
| 651 ## - SUBJECT ADDED ENTRY--GEOGRAPHIC NAME | |
| Source of heading or term | BUEsh |
| 653 ## - INDEX TERM--UNCONTROLLED | |
| Resource For college | Pharmacy |
| Arrived date list | December2016 |
| 942 ## - ADDED ENTRY ELEMENTS (KOHA) | |
| Source of classification or shelving scheme | Dewey Decimal Classification |
| Withdrawn status | Item status | Source of classification or shelving scheme | Damaged status | Not for loan | Vendor | Home library | Current library | Shelving location | Date acquired | Source of acquisition | Cost, normal purchase price | Total Checkouts | Full call number | Barcode | Date last seen | Koha item type |
|---|---|---|---|---|---|---|---|---|---|---|---|---|---|---|---|---|
| Dewey Decimal Classification | Baccah | Central Library | Central Library | Ground Floor | 14/12/2016 | Purchase | 2140.00 | 617.6300222 LAS | 000040408 | 15/07/2025 | Reference (NB) | |||||
| Dewey Decimal Classification | Baccah | Central Library | Central Library | Ground Floor | 14/12/2016 | Purchase | 2140.00 | 617.6300222 LAS | 000040409 | 15/07/2025 | Reference (NB) | |||||
| Dewey Decimal Classification | Baccah | Central Library | Central Library | Ground Floor | 14/12/2016 | Purchase | 2140.00 | 617.6300222 LAS | 000040410 | 15/07/2025 | Reference (NB) |